00801nam a2200205 a 4500008004100000020001500041050001500056100002100071245007700092260004800169300002100217350000900238650003200247650003100279650001100310650003100321995009500352999001700447952013100464120416s1994 ||||||||||||||||| || u a0521565103 aQK 653 End aEndress, Peter K10aDiversity and evolutionary biology of tropical flowerscPeter K. Endress aCambridgebCambridge University Pressc1994 axiv, 511p.: ill. a0.00 aFLOWERS--TROPICS--EVOLUTION aBOTANY--TROPICS--VARIATION aPLANTS aTROPICAL PLANTS--EVOLUTION D0.00FCBU-MAIN LIBRARY (Kitwe)H1I6.95M1UAVAILABLEZMain Library Open Access Collection c40357d40357 00102lcc4070a001b001cMain Library Open Access Collectiond2022-11-30l0oQK 653 Endp028304r2022-11-30w2022-11-30y002